| 000 | 00901nam a2200229Ia 4500 | ||
|---|---|---|---|
| 008 | 130821s2001 sp gr spa | ||
| 020 | _a8430919813 | ||
| 040 |
_aCo-BoUCM _bspa |
||
| 041 | 0 | 0 | _aspa |
| 100 | 1 |
_aMaquiavelo, Nicolás _d1469-1527 _936994 |
|
| 245 | 1 | 0 |
_aEscritos políticos breves _cNicolás Maquiavelo; traducción de María Teresa Navarro Salazar |
| 260 |
_aMadrid (España) _bTecnos _c2001 |
||
| 300 | _a180 páginas | ||
| 490 |
_aColección Clásicos del Pensamiento _v81 |
||
| 600 |
_aMaquiavelo, Nicolás _d1469-1527 _vColecciones de escritos _9162461 |
||
| 600 |
_aMaquiavelo, Nicolás _d1469-1527 _xPensamiento político _981749 |
||
| 650 | 0 | 4 |
_aCiencia política _9340 |
| 650 | 0 | 4 |
_aCiencia política _vColecciones de escritos _9340 |
| 700 | 1 |
_aNavarro Salazar, María Teresa _etr. _9162462 |
|
| 942 |
_cLIBRO _a6 _e1 _mM297e _2DEWEY _h320.1 |
||
| 999 |
_c48316 _d48316 |
||